Normal view
MARC view
Entry Personal Name
001 - CONTROL NUMBER
- control field: 43649
003 - CONTROL NUMBER IDENTIFIER
- control field: ARRUPE
005 - DATE AND TIME OF LATEST TRANSACTION
- control field: 20181127105552.0
008 - FIXED-LENGTH DATA ELEMENTS
- fixed length control field: 181127|| aca||aabn | a|a d
040 ## - CATALOGING SOURCE
- Original cataloging agency: ARRUPE
- Transcribing agency: ARRUPE
100 ## - HEADING--PERSONAL NAME
- Personal name: D'Souza, Ladislaus L.
670 ## - SOURCE DATA FOUND
- Source citation: Work cat.: (ARRUPE): Mausolfe, A.J.M. 43647, Saint companions for each day, 2005